Ligue 1 25/26 - Statistics

Estatísticas Gerais
  • Esse quiz foi jogado 39 vezes
    15 desde o último reset
  • A pontuação média é 11 de 18
Estatísticas das Respostas
Times % Correto
Paris Saint-Germain
100%
Lyon
91%
LOSC
82%
Olympique de Marseille
82%
Mônaco
73%
Brest
64%
Nice
64%
Rennes
64%
Strasbourg
64%
Lens
55%
Nantes
55%
Paris FC
55%
Angers
45%
Auxerre
45%
Lorient
36%
Metz
36%
Toulouse
36%
Le Havre
27%
Nenhum quiz correspondente encontrado
Distribuição das Pontuações
Porcentagem de Pessoas com Cada Pontuação
Percentil de Números Respondidos
Sua Pontuação Histórica
Você não jogou esse quiz desde o último reset